000 00602nam a2200217 a 4500
001 BRCA_4134
005 20190320204545.0
008 140410s1889----nyua######---#000-0#eng-#
041 _aeng
044 _anyu
050 4 _aF1376
_b.P56 1889
100 1 _aPlongeon, Alice D. Le
_910674
245 1 0 _aHere and there in Yucatan
_bmiscellanies
_cAlice D. Le Plongeon.
260 _aNew York
_bJohn W. Lovell
_c1889
300 _a146 p.
_bil.
_c19 cm.
500 _aC162
650 1 4 _aViajeros estadounidenses
_97583
651 4 _aYucatán
_xDescripción y viajes
_99170
902 _aGFM
942 _2lcc
_cB
999 _c3850
_d3850